| 000 | 00695nam a22001337a 4500 | ||
|---|---|---|---|
| 040 | _cRUA | ||
| 082 | _aAVM THA 2018 B649 Or.1 | ||
| 100 | _aTHA CHANN ថា ចាន់ | ||
| 245 | _ahaemoparasites on domestic chickens ( Gallus gallus domesticus .) at chansen commune oudong district, kampong speu province បរាសិតក្នុងឈាមពូជមាន់ក្នុងស្រុក នៅឃុំ ចាន់សែន ស្រុកឧដុង ខេត្តកំពុងស្ពឺ | ||
| 260 |
_aRUA _bPhnom penh _c2018 |
||
| 300 |
_ax;31p _bill; _c29cm |
||
| 856 | _uhttps://drive.google.com/file/d/1ki7kL9kvS3h0ILNPzEEMqGKM2LQEDxt7/view?usp=sharing | ||
| 942 | _cAVM | ||
| 999 |
_c18329 _d18329 |
||